AS Scrabble Words 8 and Under - Statistics

General Stats
  • This quiz has been taken 27 times
  • The average score is 33 of 180
Answer Stats
Answer % Correct
As
100%
Ass
100%
Ash
92%
Ask
92%
Asp
92%
Aster
85%
Ashen
77%
Aspire
69%
Assist
69%
Ascot
62%
Asking
62%
Asset
62%
Assume
62%
Ascent
54%
Ashy
54%
Asker
54%
Askew
54%
Ascend
46%
Ashore
46%
Aspen
46%
Assault
46%
Assert
46%
Assure
46%
Asper
38%
Assai
38%
Assail
38%
Assay
38%
Asserter
38%
Assign
38%
Assort
38%
Asterisk
38%
Asunder
38%
Ashtray
31%
Aside
31%
Asleep
31%
Aspect
31%
Aspirer
31%
Aspirin
31%
Assassin
31%
Assent
31%
Assess
31%
Assigner
31%
Assister
31%
Assorter
31%
Assuage
31%
Assurer
31%
Asthma
31%
Astray
31%
Asylum
31%
Ascon
23%
Ascus
23%
Asea
23%
Ashamed
23%
Asinine
23%
Aspic
23%
Aspirate
23%
Assailer
23%
Assemble
23%
Assistor
23%
Assize
23%
Assumer
23%
Assured
23%
Astound
23%
Asbestos
15%
Ascender
15%
Aseptic
15%
Asexual
15%
Ashcan
15%
Ashine
15%
Asocial
15%
Asphalt
15%
Asphyxia
15%
Assayer
15%
Assembly
15%
Assenter
15%
Assertor
15%
Assessor
15%
Assignor
15%
Assuager
15%
Astern
15%
Asteroid
15%
Astral
15%
Astride
15%
Astute
15%
Asana
8%
Asbestic
8%
Ascetic
8%
Ascites
8%
Ascitic
8%
Ascorbic
8%
Asepsis
8%
Ashiness
8%
Asiago
8%
Askance
8%
Askari
8%
Asperate
8%
Asperity
8%
Asperse
8%
Aspheric
8%
Aspis
8%
Asrama
8%
Assegai
8%
Assentor
8%
Assignat
8%
Asslike
8%
Assoil
8%
Asswage
8%
Astatic
8%
Astatine
8%
Asteria
8%
Astir
8%
Astonish
8%
Astrally
8%
Astutely
8%
Aswim
8%
Asarum
0%
Ascared
0%
Ascarid
0%
Ascaris
0%
Ascesis
0%
Ascidian
0%
Ascidium
0%
Ascocarp
0%
Asconoid
0%
Ascribe
0%
Asdic
0%
Aseismic
0%
Ashcake
0%
Ashfall
0%
Ashlar
0%
Ashler
0%
Ashless
0%
Ashman
0%
Ashplant
0%
Ashram
0%
Ashrama
0%
Ashtanga
0%
Asigmia
0%
Askant
0%
Askesis
0%
Askos
0%
Aslant
0%
Aslope
0%
Aslosh
0%
Asparkle
0%
Asperges
0%
Asperser
0%
Aspersor
0%
Asphodel
0%
Asphyxy
0%
Aspirant
0%
Aspirata
0%
Aspish
0%
Asprawl
0%
Asquint
0%
Assagai
0%
Assignee
0%
Assonant
0%
Assonate
0%
Assuror
0%
Astanga
0%
Astasia
0%
Asterism
0%
Asternal
0%
Asthanga
0%
Asthenia
0%
Asthenic
0%
Astheny
0%
Astilbe
0%
Astomous
0%
Astony
0%
Astragal
0%
Astrict
0%
Astringe
0%
Astylar
0%
Asura
0%
Aswarm
0%
Aswirl
0%
Aswoon
0%
Asyndeta
0%
No matching quizzes found
Score Distribution
Percent of People with Each Score
Percentile by Number Answered
Your Score History
You have not taken this quiz